Video Games from images - Statistics

General Stats
  • This quiz has been taken 181 times
  • The average score is 8 of 16
Answer Stats
Picture Answer % Correct
God of War 3
97%
Borderlands 3
80%
Rocket League
74%
Uncharted 4
61%
Red Dead Redemption 2
56%
Battlefront 2
46%
The Last of Us
43%
GTA V
42%
Valorant
42%
Lethal Company
40%
Horizon Zero Dawn
37%
Until Dawn
34%
Assassin's Creed Unity
29%
Elden Ring
26%
Phasmophobia
25%
Ghost of Tsushima
20%
No matching quizzes found
Score Distribution
Percent of People with Each Score
Percentile by Number Answered
Your Score History
You have not taken this quiz